000 00443nam a2200181Ia 4500
001 7624
003 IN-NITTTR
005 20251114233030.0
008 251113s9999||||xx |||||||||||||| ||eng||
040 _beng
040 _cIN-NITTTR
041 _aeng
082 _a519 W266T
100 _aWartikar, P.N.
245 2 _aA text book of applied mathematics. /
_cWartikar, P.N., Wartikar, J.N.
700 _a Wartikar, J.N.
942 _2ddc
_cBK
999 _c10262
_d10262